000 00548nam a22001697a 4500
005 20251108173320.0
008 250721s2005 xx 000 0 ara d
082 1 4 _a291/زهر
100 1 _aزهرة، أحمد علي
_eمؤلف
245 1 0 _aالظاهر والباطن فلسفة التأويل في الديانات السماوية /
264 1 _aدمشق :
_bدار نينوى للنشر والتوزيع،
_c2005.
300 _a464 ص
650 1 7 _aالديانات
650 1 7 _aالإسلام
942 _2ddc
_cBK
999 _c101066
_d101066